000 00598cab a2200229 4500
001 WB2709-50
008 090401t1991 xxu||||| |||| 00| 0 eng d
035 _a(Sirsi) u21548
041 _aeng
245 _aEast coast trunk road proposed
260 _c1991
350 _a0
490 _aFinancial Times
_v28/2/91 p8
520 _aEast coast trunk road proposals have been published and submitted to DOE . Map.
650 _aA19
650 _aM11
650 _aTOLL ROAD
650 _aTRAFFIC CONGESTION
690 _aTRANSPORT AND COMMUNICATIONS
942 _n0
948 _c04/03/1997
999 _c14465
_d14465